Statistics for Names That are English Words #1

Click here to take the quiz!

General Stats

  • This quiz has been taken 91 times
    (44 since last reset)
  • The average score is 23 of 62

Answer Stats

Peak yearPeak rankHintAnswer% Correct
2001962GemstoneEmerald
86%
201966GemstoneRuby
83%
2017335EmotionJoy
83%
2019679GemstoneOpal
78%
2000485Young mammalJoey
75%
2019258RoadLane
75%
2019168Body of waterRiver
72%
200248BeliefFaith
72%
200286MineralJade
69%
2000162GemstoneDiamond
69%
2019865BirdRobin
64%
2000146FeelingHope
61%
200047ResinAmber
61%
2000216BirdRaven
58%
2001314BirdJay
58%
2019428BirdWren
56%
2018252MythicalPhoenix
56%
2016567Mineral/gemPearl
56%
2019745GemstoneOnyx
53%
2014734AtmosphereSky
47%
201951Star eventNova
47%
2001464ShelterLee
47%
2000210PlainSavanna
47%
2016293RefugeHaven
44%
2005494ResolveWill
39%
2001335Place to moor boatsMarina
39%
200053Mountain rangeSierra
36%
2000208SincereFrank
36%
2000811Body of waterBrook
36%
2016747MammalFox
33%
2000396Soil typeClay
33%
201940AtmosphericAurora
33%
2001410ValleyDale
33%
2000552Body part materialIvory
33%
2019527WishDream
31%
2010196Male birdDrake
31%
2001602Generic termJewel
28%
2000765ValleyGlen
28%
2012219MythicalGriffin
28%
2019231EmotionRuth
25%
2017345EmotionFelicity
25%
2019896MammalBear
22%
2006867CurrentEddy
22%
2002354Female mammalJenny
22%
2000906MoistureMisty
19%
2019210Young mammalColt
19%
2019839TerrainRocky
17%
2019136MineralJasper
17%
2019661CompassionMercy
17%
2002674LandHeath
14%
2006578ResolvePatience
14%
2000132Generic termCrystal
14%
2019704BirdRhea
14%
2019561ShallowFord
11%
201352FeelingSerenity
8%
2000133Cattle breedDevon
8%
2015287BirdPhoebe
6%
2000278FeelingRandy
6%
2019794VisibilitySunny
3%
2014133MammalAriel
3%
2019678RavineNala
0%
2001694Mineral terminologyStone
0%

Score Distribution

Percentile by Number Answered

Percent of People with Each Score

Your Score History

You have not taken this quiz since the last reset